El Historiador : (Record no. 21949)

000 -CABECERA
fixed length control field 01782nam a22002657a 4500
003 - IDENTIFICADOR DEL NÚMERO DE CONTROL
control field AR-CdUCM
008 - DATOS DE LONGITUD FIJA--INFORMACIÓN GENERAL
fixed length control field 190425b ||||| |||| 00| 0 spa d
040 ## - FUENTE DE LA CATALOGACIÓN
Agencia/entidad que catalogó originalmente la obra MUNICIPALIDAD PROVINCIAL DEL CUSCO
Entidad que transcribió la catalogación BIBLIOTECA MUNICIPAL DEL CUSCO
082 ## - NÚMERO DE LA CLASIFICACIÓN DECIMAL DEWEY
No. de Clasificación El historiador/N°04/2011
110 ## - ENTRADA PRINCIPAL--NOMBRE DE ENTIDAD CORPORATIVA
Nombre de la institución, jurisdicción como entrada principal Carrera profesional de Historia
9 (RLIN) 46959
245 ## - MENCIÓN DE TÍTULO
Título El Historiador :
Resto del título Revista científica cultural /
Mención de responsabilidad Taller de Historia Andina
260 ## - PUBLICACIÓN, DISTRIBUCIÓN, ETC.
Lugar de publicación, distribución, etc. Cusco :
Nombre de la editorial, distribuidor, etc. UNSAAC,
-- Taller de Historia Andina,
Fecha de publicación, distribución, etc. 2011.
300 ## - DESCRIPCIÓN FÍSICA
Nº de Páginas Extensión 159 páginas. :
Otros detalles físicos ilustraciones ;
Dimensiones 29 cm.
440 ## - MENCIÓN DE SERIE/PUNTO DE ACCESO ADICIONAL--TÍTULO
Título El Historiador.
Número de la parte/sección de una obra N°4 semestre 2011-I
9 (RLIN) 46962
505 ## - NOTA DE CONTENIDO CON FORMATO
Nota de contenido formateada Contenido: Pintura mural cusqueña una visión general. -- Metalurgia en el antiguo Perú. -- El ejercito Inca. -- Calca proceso de ocupación. -- Actividades económicas en la colonia Cusco centro de producción y comercio. -- Doña Francisca Pizarro hija de dos mundos. -- Situación de la mujer cusqueña en la época colonial en el Perú. -- Participación de los Bethlemitas en la ciudad de Cusco. -- Creación del Obraje de Lucre. -- El pasquín como instrumento de la revolución 1814. -- La Mariscala. -- El Santuario del señor de Qoylloriti. -- La espera de un mesías andino Taki Onqoy. -- El Santurantikuy. -- Terremoto de 1950 en el Cusco. -- Iñapari y la realidad fronteriza. -- la comunidad escondida de Sayhua. -- Bajada de Rey de San Pedro.
650 ## - PUNTO DE ACCESO ADICIONAL DE MATERIA--TÉRMINO DE MATERIA
Descriptor Folklore cusqueño
9 (RLIN) 8693
650 ## - PUNTO DE ACCESO ADICIONAL DE MATERIA--TÉRMINO DE MATERIA
Descriptor Identidad cultural
9 (RLIN) 2943
650 ## - PUNTO DE ACCESO ADICIONAL DE MATERIA--TÉRMINO DE MATERIA
Descriptor Terremoto 1950
9 (RLIN) 46961
650 ## - PUNTO DE ACCESO ADICIONAL DE MATERIA--TÉRMINO DE MATERIA
Descriptor Historia del Cusco
9 (RLIN) 1714
650 ## - PUNTO DE ACCESO ADICIONAL DE MATERIA--TÉRMINO DE MATERIA
Descriptor Ciencias Sociales
9 (RLIN) 1096
710 ## - PUNTO DE ACCESO ADICIONAL--NOMBRE DE ENTIDAD CORPORATIVA
Nombre corporativo (En letras Mayúsculas) Universidad Nacional de San Antonio Abad del Cusco
9 (RLIN) 15942
942 ## - ELEMENTOS DE PUNTO DE ACCESO ADICIONAL (KOHA)
Fuente de clasificación
Tipo de item Revistas cusqueñas
945 ## - PROCESAMIENTO DE INFORMACIÓN LOCAL (OCLC)
Catalogador rac
Holdings
Estado de retiro (separado) Fuente de clasificación o esquema de estanterías Estado dañado Ubicación Sala donde se ubica Nombre de la colección Fecha de adquisición o compra Fuente de adquisición Costo, precio normal en soles Signatura topográfica Código de Barras Última vez visto (Koha) Tipo de ítem (Koha)
No     Sala Hemeroteca Sala Hemeroteca Book Cart 2022-01-13 Donación 10.00 El historiador/N°04/2011 REVC000463 2022-01-13 Revistas cusqueñas

Powered by Koha